000 00426nam a22001817a 4500
003 OSt
005 20241025115917.0
008 241025b |||||||| |||| 00| 0 eng d
040 _cMRSPTU
041 _aENG
082 _a634.9
_bMA-P
100 _aMahal, Jaskarn Singh
245 _aPackages of Practices for Forest Trees
260 _aLudhiana
_bPAU
_c2018
300 _a28
650 _aAgriculture
942 _2ddc
_cBK
_n0
999 _c10384
_d10384